LEADER 01126nam a2200265 u 4500 001 000000013258 003 CaOOAMICUS 005 20070226105631.0 008 940517s1979 it u000 u ita u 035 $a10317843 040 $aPUL(R)$bita 100 1 $aZerbi, Piero.$0(OLS)http://pul/name/980 245 10$aProblemi di storia medioevale /$cPiero Zerbi, Annamaria Ambrosioni. 260 $aMilano :$bVita e pensiero,$c1979. 300 $a242 p. ;$c24 cm 650 4$aMedioevo$xStoria$xStudi.$0(OLS)http://pul/subject/8829 700 1 $aAmbrosioni, Annamaria,$d1944-2003.$0(OLS)http://pul/name/3997 850 $aPUL 852 $aPUL$W1$xDP1 Fondo Maccarrone$y58$m1510 C 12$j18697$nBK-PRI$b $qFondi$B18697$CPULBib$Z2$F18697 $H $81 852 $aPUL$W1$xSL Filosofia 1$y2$m107 F 38$j18698$nBK-PRI$b $qStampati$B18698$CPULBib$Z2$F18698 $H $81 941 1 $a8 941 1 $a1 961 $aINV: 47077 996 $6245$aProblemi di storia medioevale$9(OLS)http://pul/title/19156 996 $6260$aMilano :$bVita e pensiero$9(OLS)http://pul/publisher/48016 LEADER 01178nam a2200313 u 4500 001 000000064139 003 CaOOAMICUS 005 20070226121325.0 008 011114s1985 gw u000 u ger u 020 $a3495474919 035 $a10909820 040 $aPUL(R)$bita 100 1 $aHoche, Hans-Ulrich.$0(OLS)http://pul/name/43391 245 10$aAnalytische Philosophie /$cHans-Ulrich Hoche, Werner Strube. 260 $aFreiburg :$bAlber,$c1985. 300 $a359 p. ;$c21 cm 490 1 $aHandbuch Philosophie 500 $aContiene indici. 504 $aBibliografia: p. 305-346. 650 4$aAnalisi (filosofia).$0(OLS)http://pul/subject/8544 700 1 $aStrube, Werner.$0(OLS)http://pul/name/43392 830 0$aHandbuch Philosophie.$0(OLS)http://pul/title/75011 850 $aPUL 852 $aPUL$W1$xSL Filosofia 1$y2$m84 E 42$j83194$nBK-PRI$b $qStampati$B83194$CPULBib$Z2$F83194 $H $81 941 1 $a8 961 $aINV: 53383 996 $6020$a3495474919$9(OLS)http://pul/number/83244 996 $6245$aAnalytische Philosophie$9(OLS)http://pul/title/85474 996 $6260$aFreiburg :$bAlber$9(OLS)http://pul/publisher/69133 LEADER 00958nam a2200241 u 4500 001 000000083407 003 CaOOAMICUS 005 20070226123951.0 008 050505s1923 it u000 u ita u 035 $a11045066 040 $aPUL(R)$bita 041 0 $aita$aheb 130 0 $aBiblia.$pV.T.$pRuth.$lItaliano.$0(OLS)http://pul/title/42989 245 13$aIl libro di Ruth /$ctesto ebraico e traduzione a cura di Ferruccio Valente. 260 $aTorino :$bSEI,$c1923. 300 $a24 p. ;$c19 cm 700 1 $aValente, Ferruccio,$cM.I.,$dn. 1884.$0(OLS)http://pul/name/54988 730 0 $aBiblia.$pV.T.$pRuth.$lEbraico.$0(OLS)http://pul/title/108736 850 $aPUL 852 $aPUL$W1$xDP1 Fondo Cecchetti$y53$m265 C 22$j106135$nBK-PRI$b $qFondi$B106135$CPULBib$Z2$F106135 $HPUL1128 $81 941 1 $a1 996 $6245$aIl libro di Ruth$9(OLS)http://pul/title/108735 996 $6260$aTorino :$bSEI$9(OLS)http://pul/publisher/47967 LEADER 01178nam a2200301 u 4500 001 000000079058 003 CaOOAMICUS 005 20070226123510.0 008 040525s2000 gw u000 u ger u 020 $a3786717206 035 $a10996568 040 $aPUL$bita 100 1 $aSchockenhoff, Eberhard,$d1953-$0(OLS)http://pul/name/19849 245 10$aEthik des Lebens :$bein theologischer Grundriss /$cEberhard Schockenhoff. 250 $a3. Aufl. 260 $aMainz :$bMatthias-Grünewald,$c2000. 300 $a461 p. ;$c22 cm 490 1 $aWelt der Theologie 500 $aContiene indici. 504 $aBibliografia in nota. 650 4$aTeologia e società.$0(OLS)http://pul/subject/18824 830 0$aWelt der Theologie.$0(OLS)http://pul/title/103491 850 $aPUL 852 $aPUL$W1$xDP1 Fondo Seidl$y56$m3 A 4$j101259$nBK-PRI$b $qFondi$B101259$CPULBib$Z2$F101259 $HPUL91784 $81 941 1 $a1 996 $6020$a3786717206$9(OLS)http://pul/number/103734 996 $6245$aEthik des Lebens :$bein theologischer Grundriss$9(OLS)http://pul/title/103490 996 $6260$aMainz :$bMatthias-Grünewald$9(OLS)http://pul/publisher/51243